Totos (Record no. 476609)

000 -LEADER
fixed length control field 00350cam a22001217a 4500
008 - FIXED-LENGTH DATA ELEMENTS--GENERAL INFORMATION
fixed length control field 180718b1969 xxu||||| |||| 00| 0 eng d
082 ## - DEWEY DECIMAL CLASSIFICATION NUMBER
Classification number BA27x5412 D26t
100 ## - MAIN ENTRY--PERSONAL NAME
Personal name Das, Amal Kumar
245 ## - TITLE STATEMENT
Title Totos
Statement of responsibility, etc. by Amal Kumar Das
260 ## - PUBLICATION, DISTRIBUTION, ETC.
Place of publication, distribution, etc. Calcutta
Name of publisher, distributor, etc. Scheduled Castes and Tribes Welfare Department
Date of publication, distribution, etc. 1969
300 ## - PHYSICAL DESCRIPTION
Extent 123p.
650 ## - SUBJECT ADDED ENTRY--TOPICAL TERM
Topical term or geographic name entry element Toto (Indic people)
Holdings
Withdrawn status Lost status Damaged status Not for loan Permanent Location Current Location Date acquired Full call number Barcode Date last seen Price effective from Koha item type
        Indian Institute of Public Administration Indian Institute of Public Administration 2018-08-04 BA27x5412 D26t GR9975 2018-08-04 2018-08-04 GR

Powered by Koha